000 00600nam a22001817a 4500
003 UA-OsUOA
001 16922
007 ta
008 20040203b un ||||| |||| 00| 0 ukr d
100 _aБоневич І.
942 _cSA
040 _aUA-OsUOA
_cUA-OsUOA
_dUA-OsUOA
245 _aВиконком зосереджує зусилля на пріоритетних галузях розвитку міста [Костопіль]
300 _aС.5
955 _a0
773 0 _w0
_tВічеве слово
_dКостопіль
_d2004
_g№3/17 січ./
650 7 _aВиконавча влада
_2UDC
999 _c303090
_d303090